00396nam a2200157Ia 4500001000500000005001700005008004100022041000800063082001600071100003400087245007000121260000900191300002200200650000800222654000800230859020260306160620.0260306t2012||||xx |||||||||||||| ||spa|| aESP a371.2bA48C aAlvarado Oyarce, OtonieleAUT 0aGestión de programas educativos enfoques y modelos de gestión c2012 a174 páginas :c aGEN aCED